000 00410cam a22001457a 4500
008 180718b2002 xxu||||| |||| 00| 0 eng d
020 _a8176580171
082 _aB3 D53
100 _aDey, Bata K.
245 _aGood governance, parametric issues: a futures vision
_cby Bata K. Dey
260 _aNew Delhi
_bUppal
_c2002
300 _a208p.
650 _a(Written off)
650 _aPublic administration - India
999 _c401250
_d401250